[Event "XIII Abierto de la Constitucion"]
[Site "San Sebastian De Los Reyes"]
[Date "2011.12.10"]
[Round "9.15"]
[White "Nieto Esteban, Manuel"]
[Black "Vidaurre, Luis Alberto"]
[Result "0-1"]
[WhiteElo "1760"]
[BlackElo "1871"]
[PlyCount "75"]
[EventDate "2011.12.02"]

1. f4 d5 2. Nf3 Nf6 3. e3 e6 4. Be2 c5 5. O-O Nc6 6. d3 Bd6 7. Nc3 a6 8. a4 b6
9. e4 d4 10. e5 dxc3 11. exd6 Nd5 12. bxc3 Nxc3 13. Qd2 Nd5 14. Bb2 f6 15. d4
Qxd6 16. dxc5 Qxc5+ 17. Kh1 Bd7 18. Nd4 Kf7 19. Bf3 Rac8 20. Bxd5 Qxd5 21. Rad1
Nxd4 22. Qxd4 Rxc2 23. Qxd5 exd5 24. Bd4 Rb8 25. Rb1 Bxa4 26. Rxb6 Rxb6 27.
Bxb6 Bb5 28. Rd1 Bc4 29. h3 h5 30. Rd4 Rb2 31. Bc5 a5 32. f5 a4 33. Rd1 Re2 34.
Rb1 Bb3 35. Rc1 Rc2 36. Rxc2 Bxc2 37. g4 hxg4 38. hxg4 0-1

[Event "XIII Abierto de la Constitucion"]
[Site "San Sebastian De Los Reyes"]
[Date "2011.12.10"]
[Round "9.18"]
[White "Tevar Becerra, Alvaro"]
[Black "Gueler Berdasco, Martin"]
[Result "1/2-1/2"]
[WhiteElo "1525"]
[BlackElo "1879"]
[PlyCount "61"]
[EventDate "2011.12.02"]

1. e4 c5 2. Nf3 e6 3. c3 d5 4. e5 Ne7 5. d4 Nf5 6. Bd3 Nh4 7. O-O Nc6 8. Be3
cxd4 9. cxd4 Nb4 10. Bb5+ Bd7 11. Bxd7+ Kxd7 12. Qa4+ Nc6 13. Nbd2 Nxf3+ 14.
Nxf3 Be7 15. Rac1 Qa5 16. Qxa5 Nxa5 17. b3 Rhc8 18. Rxc8 Rxc8 19. Rc1 Rxc1+ 20.
Bxc1 Kc6 21. Kf1 b5 22. Ke2 b4 23. Kd3 h6 24. Ne1 Bh4 25. g3 Bd8 26. f4 Kb5 27.
Nf3 Nc6 28. g4 g6 29. f5 g5 30. f6 Bb6 31. Be3 1/2-1/2

[Event "XIII Abierto de la Constitucion"]
[Site "San Sebastian De Los Reyes"]
[Date "2011.12.10"]
[Round "9.19"]
[White "Al-Zarif Zabala, Bassam"]
[Black "De La Orden Alcocer, Alejandro"]
[Result "1/2-1/2"]
[WhiteElo "1701"]
[BlackElo "1853"]
[PlyCount "79"]
[EventDate "2011.12.02"]

1. e4 Nf6 2. e5 Nd5 3. d4 d6 4. Nf3 dxe5 5. Nxe5 c6 6. Bc4 Nd7 7. Nf3 N7b6 8.
Be2 Bf5 9. a3 Qc7 10. Ne5 Nd7 11. Nxd7 Qxd7 12. c4 Nf6 13. Bf4 Rd8 14. Be3 g6
15. O-O Bg7 16. Nc3 O-O 17. Qb3 Ng4 18. Bxg4 Bxg4 19. h3 Bf5 20. Rad1 b6 21.
Rfe1 Qc7 22. d5 c5 23. Nb5 Qb8 24. Bg5 f6 25. Bh4 Qb7 26. Bg3 Rd7 27. a4 g5 28.
Qf3 Bc2 29. Ra1 f5 30. Be5 Be4 31. Qc3 e6 32. Bxg7 Rxg7 33. f3 exd5 34. fxe4
dxe4 35. Rad1 Qf7 36. Nd6 Qh5 37. Qe5 g4 38. hxg4 Rxg4 39. Qe6+ Kh8 40. Qe5+
1/2-1/2

[Event "XIII Abierto de la Constitucion"]
[Site "San Sebastian De Los Reyes"]
[Date "2011.12.10"]
[Round "9.20"]
[White "Plazuelo Pascual, Juan"]
[Black "Garcia-Ruiz Fuentes, Marcos"]
[Result "0-1"]
[WhiteElo "1678"]
[BlackElo "1841"]
[PlyCount "50"]
[EventDate "2011.12.02"]

1. e4 c5 2. Nf3 d6 3. d4 cxd4 4. Nxd4 Nf6 5. Nc3 a6 6. Bg5 e6 7. f4 Qc7 8. Qf3
b5 9. O-O-O b4 10. Nce2 Nbd7 11. Ng3 Be7 12. Qb3 Rb8 13. Bxf6 Nxf6 14. Bxa6 O-O
15. Bxc8 Rfxc8 16. Kb1 Nd7 17. Rd2 Nc5 18. Qc4 Nxe4 19. Qxc7 Nxd2+ 20. Kc1 Nb3+
21. Nxb3 Rxc7 22. Kd2 Bf6 23. Rb1 Rbc8 24. Na1 Ra7 25. Kc1 Rxa2 0-1

[Event "XIII Abierto de la Constitucion"]
[Site "San Sebastian De Los Reyes"]
[Date "2011.12.10"]
[Round "9.21"]
[White "Perez Alvarez, Javier"]
[Black "Ballesteros Jimenez, Miguel Angel"]
[Result "1-0"]
[WhiteElo "1810"]
[BlackElo "1684"]
[PlyCount "47"]
[EventDate "2011.12.02"]

1. e4 d5 2. exd5 Qxd5 3. Nc3 Qd6 4. d4 Nf6 5. Nf3 c6 6. Ne5 Nbd7 7. Bf4 Nd5 8.
Nxd5 Qxd5 9. Nf3 Nf6 10. Be2 Bf5 11. O-O Qe4 12. Be5 Qxc2 13. Qxc2 Bxc2 14.
Bxf6 exf6 15. d5 Be4 16. dxc6 Bxc6 17. Nd4 Bd7 18. Bf3 O-O-O 19. Rfd1 Bc5 20.
Rac1 b6 21. b4 Ba4 22. Rd2 Rd7 23. bxc5 bxc5 24. Bg4 1-0

[Event "XIII Abierto de la Constitucion"]
[Site "San Sebastian De Los Reyes"]
[Date "2011.12.10"]
[Round "9.22"]
[White "Cerrato Torrijos, Javier"]
[Black "Dierssen Garcia-Barredo, Guillermo"]
[Result "0-1"]
[WhiteElo "1675"]
[BlackElo "1770"]
[PlyCount "70"]
[EventDate "2011.12.02"]

1. e4 c5 2. Nf3 g6 3. d4 cxd4 4. Nxd4 Nc6 5. Nc3 Bg7 6. Be3 Nf6 7. f3 O-O 8.
Qd2 d5 9. O-O-O dxe4 10. fxe4 Bd7 11. h3 Nxd4 12. Bxd4 Bc6 13. Qe3 Qa5 14. Kb1
Rfc8 15. g4 e5 16. Bc5 b6 17. Be7 b5 18. Bg2 b4 19. Nd5 Bxd5 20. exd5 Qc7 21.
Bxf6 Qxc2+ 22. Ka1 Bxf6 23. Qf3 Bg7 24. d6 e4 25. Qb3 Qxg2 26. Rhf1 Rf8 27. d7
Rad8 28. Rfe1 a5 29. Kb1 a4 30. Qc2 Qxc2+ 31. Kxc2 f5 32. Rd5 fxg4 33. hxg4
Rf2+ 34. Kd1 Rf7 35. Rxe4 Rfxd7 0-1

[Event "XIII Abierto de la Constitucion"]
[Site "San Sebastian De Los Reyes"]
[Date "2011.12.10"]
[Round "9.23"]
[White "Ureña Castellanos, Antonio"]
[Black "Gonzalez Berrendero, Carlos"]
[Result "1-0"]
[WhiteElo "1648"]
[BlackElo "1761"]
[PlyCount "87"]
[EventDate "2011.12.02"]

1. c4 e5 2. Nc3 Nf6 3. e4 Bb4 4. d3 d6 5. Bg5 Be6 6. Qb3 Nc6 7. Nf3 O-O 8. Be2
b5 9. O-O bxc4 10. dxc4 Rb8 11. Qc2 h6 12. Bd2 Bg4 13. a3 Bxf3 14. Bxf3 Nd4 15.
Qd1 Bc5 16. b4 Nxf3+ 17. Qxf3 Bd4 18. Rac1 a5 19. b5 Qe7 20. a4 Qe6 21. Nd5 Bb6
22. Nxf6+ Qxf6 23. Qxf6 gxf6 24. Bxh6 Rfe8 25. Be3 Bxe3 26. fxe3 Kg7 27. Rf5
Rh8 28. g3 Rh6 29. c5 Rhh8 30. cxd6 cxd6 31. Rc6 Rhd8 32. Rf2 Rbc8 33. Rfc2
Rxc6 34. Rxc6 d5 35. exd5 Rxd5 36. Rc3 Rd2 37. Rb3 Rd7 38. Kg2 e4 39. g4 Kg6
40. h4 f5 41. Kg3 fxg4 42. Kxg4 Rd3 43. Rxd3 exd3 44. Kf3 1-0

[Event "XIII Abierto de la Constitucion"]
[Site "San Sebastian De Los Reyes"]
[Date "2011.12.10"]
[Round "9.24"]
[White "Juberias Guillen, Paloma"]
[Black "Zumel Zea, Javier"]
[Result "1-0"]
[WhiteElo "1759"]
[BlackElo "1625"]
[PlyCount "75"]
[EventDate "2011.12.02"]

1. d4 d5 2. c4 e6 3. Nc3 Nf6 4. Nf3 Nbd7 5. e3 c6 6. Bd3 dxc4 7. Bxc4 b5 8. Bd3
a6 9. e4 c5 10. e5 cxd4 11. Nxb5 Bb4+ 12. Bd2 Bxd2+ 13. Qxd2 axb5 14. exf6 Qxf6
15. Bxb5 O-O 16. Qxd4 e5 17. Qd5 Nb6 18. Qxe5 Qg6 19. O-O Bb7 20. Qg3 Qf5 21.
a4 Nd5 22. Nd4 Qf6 23. Qg4 Nc7 24. Be2 Ra5 25. Nb5 Nxb5 26. b4 Ra6 27. Bxb5 Rb6
28. Rfb1 Qe5 29. Bf1 Rg6 30. Qh3 Bc8 31. Qe3 Qb8 32. a5 Rh6 33. g3 Bb7 34. a6
Re8 35. axb7 Rhe6 36. Qa7 Qd8 37. Rd1 Qc7 38. Rac1 1-0

[Event "XIII Abierto de la Constitucion"]
[Site "San Sebastian De Los Reyes"]
[Date "2011.12.10"]
[Round "9.25"]
[White "Rodriguez Alonso, Marcos"]
[Black "Martinez Miura, Enrique"]
[Result "1-0"]
[WhiteElo "1540"]
[BlackElo "1713"]
[PlyCount "113"]
[EventDate "2011.12.02"]

1. e4 e6 2. d4 d5 3. exd5 exd5 4. Bd3 Bd6 5. c3 Ne7 6. Ne2 Bf5 7. Bf4 O-O 8.
O-O Bxd3 9. Qxd3 Ng6 10. Bxd6 Qxd6 11. Nd2 Re8 12. Nf3 Nd7 13. Rfe1 Nf6 14. Ng3
c6 15. Qd2 Ne4 16. Nxe4 dxe4 17. Ng5 f5 18. Qc2 Nf4 19. Qb3+ Ne6 20. Nxe6 Rxe6
21. Qxb7 Rb8 22. Qxa7 Rxb2 23. Rab1 Rxb1 24. Rxb1 h5 25. Qb8+ Qxb8 26. Rxb8+
Kf7 27. Rb7+ Kf6 28. a4 Rd6 29. a5 f4 30. a6 c5 31. a7 Ra6 32. h3 Ra1+ 33. Kh2
cxd4 34. cxd4 e3 35. fxe3 fxe3 36. Rb3 Rxa7 37. Rxe3 Rd7 38. Rd3 Kf5 39. Kg3 g5
40. Kf3 g4+ 41. hxg4+ hxg4+ 42. Kg3 Rd5 43. Rd2 Kg5 44. Rd1 Ra5 45. d5 Ra3+ 46.
Kh2 Kf4 47. g3+ Kf3 48. d6 Ra2+ 49. Kg1 Kxg3 50. d7 Rg2+ 51. Kf1 Rf2+ 52. Ke1
Kg2 53. d8=Q Rf1+ 54. Ke2 Rxd1 55. Qxd1 g3 56. Qf1+ Kh2 57. Kf3 1-0

[Event "XIII Abierto de la Constitucion"]
[Site "San Sebastian De Los Reyes"]
[Date "2011.12.10"]
[Round "9.26"]
[White "Largo Barbero, Benito"]
[Black "Del Campo Lobo, Joaquin"]
[Result "1-0"]
[WhiteElo "1798"]
[BlackElo "1608"]
[PlyCount "29"]
[EventDate "2011.12.02"]

1. e4 e5 2. f4 exf4 3. Nf3 Nc6 4. d4 g5 5. h4 g4 6. Ng5 h6 7. Nxf7 Kxf7 8. Bc4+
Ke8 9. Qxg4 Nf6 10. Qg6+ Ke7 11. Qf7+ Kd6 12. Bxf4+ Ne5 13. dxe5+ Kc6 14. exf6
d6 15. a4 1-0

[Event "XIII Abierto de la Constitucion"]
[Site "San Sebastian De Los Reyes"]
[Date "2011.12.10"]
[Round "9.27"]
[White "Hernandez Ramos, David"]
[Black "Hernandez Mateo, Borja"]
[Result "0-1"]
[WhiteElo "1574"]
[BlackElo "1713"]
[PlyCount "106"]
[EventDate "2011.12.02"]

1. e4 c5 2. Nf3 d6 3. d4 cxd4 4. Nxd4 Nf6 5. Nc3 a6 6. Bg5 e6 7. Bd3 Be7 8. Qd2
O-O 9. O-O b5 10. a3 Bb7 11. Kh1 h6 12. Bxf6 Bxf6 13. Nb3 Nd7 14. Rab1 Rc8 15.
Ne2 d5 16. exd5 Bxd5 17. Nbc1 Qc7 18. c3 Qb7 19. f3 Bg5 20. Qd1 Ne5 21. Ng3
Nxd3 22. Nxd3 Rfd8 23. Qc2 a5 24. b4 Bc4 25. Rfd1 Bxd3 26. Rxd3 Rxd3 27. Qxd3
Rd8 28. Qe4 Qd7 29. Qe2 axb4 30. cxb4 {(=)} Qd3 31. Qxd3 Rxd3 32. Ne4 Be7 33.
Ra1 f5 34. Nf2 Rb3 35. Kg1 Bf6 36. Rc1 Rxa3 37. Rb1 Bc3 38. Kf1 Ra7 39. Nd3 Rd7
40. Ke2 Kf7 41. Rb3 Bf6 42. f4 Rd4 43. Ke3 Re4+ 44. Kf3 g5 45. g3 g4+ 46. Kf2
Bd4+ 47. Kf1 Kf6 48. Ra3 Re3 49. Rb3 Rf3+ 50. Kg2 Ke7 51. h3 h5 52. hxg4 hxg4
53. Nc1 Rf2+ 0-1

[Event "XIII Abierto de la Constitucion"]
[Site "San Sebastian De Los Reyes"]
[Date "2011.12.10"]
[Round "9.31"]
[White "Martin Rodriguez, Jose Luis"]
[Black "Farmer Negrini, Leo"]
[Result "0-1"]
[WhiteElo "1483"]
[BlackElo "1790"]
[PlyCount "130"]
[EventDate "2011.12.02"]

1. e4 c5 2. Nf3 Nc6 3. d4 cxd4 4. Nxd4 Nf6 5. Nc3 a6 6. Nxc6 bxc6 7. e5 Nd5 8.
Nxd5 cxd5 9. Qxd5 Rb8 10. b3 e6 11. Qd4 Rb4 12. c4 Qc7 13. Ba3 Bc5 14. Qb2 Qa5
15. Bxb4 Bxb4+ 16. Kd1 Bc3 17. Qc1 Qxe5 18. Kc2 Bxa1 19. Kb1 Bb7 20. Bd3 Bc3
21. Qd1 O-O 22. h4 Bb4 23. Qc1 Qd6 24. Rd1 Qc5 25. Qc2 f5 26. h5 Ba3 27. Qc3 d5
28. h6 d4 29. Qd2 Qe5 30. g4 Be4 31. hxg7 Qxg7 32. Bxe4 fxe4 33. Qxd4 Qxd4 34.
Rxd4 Rxf2 35. Rxe4 Kf7 36. Re5 Bb4 37. c5 Kf6 38. Rh5 Kg6 39. Re5 Kf6 40. Rh5
e5 41. c6 Ba3 42. Rh6+ Kg5 43. Rxh7 Rf1+ 44. Kc2 Rc1+ 45. Kd3 Rxc6 46. Ke4 Bb2
47. Rh5+ Kxg4 48. Rf5 Rb6 49. Rf8 Rb5 50. Re8 a5 51. Ra8 Kg3 52. Rf8 a4 53.
bxa4 Rb4+ 54. Ke3 Rxa4 55. Rg8+ Kh4 56. Rh8+ Kg5 57. Rb8 Rxa2 58. Ke4 Bd4 59.
Rg8+ Kf6 60. Rf8+ Ke7 61. Rf1 Ke6 62. Re1 Ra4 63. Kd3 Kd5 64. Re2 Ra3+ 65. Kd2
Ra2+ 0-1

[Event "XIII Abierto de la Constitucion"]
[Site "San Sebastian De Los Reyes"]
[Date "2011.12.10"]
[Round "9.32"]
[White "Lianes Garcia, Marcos"]
[Black "Sebastian Enesco, Alex"]
[Result "0-1"]
[WhiteElo "1471"]
[BlackElo "1784"]
[PlyCount "70"]
[EventDate "2011.12.02"]

1. e4 d5 2. exd5 Nf6 3. c4 c6 4. dxc6 Nxc6 5. Nf3 e5 6. Nc3 e4 7. Ng5 Qe7 8.
Nd5 Nxd5 9. cxd5 Nb4 10. Bb5+ Kd8 11. h4 Nd3+ 12. Bxd3 exd3+ 13. Kf1 h6 14. Nh3
Qe4 15. b3 Bc5 16. Bb2 Re8 17. Rc1 Qxd5 18. Nf4 Qf5 19. Qf3 g5 20. hxg5 hxg5
21. Qxd3+ Qxd3+ 22. Nxd3 Be7 23. Rh8 Rxh8 24. Bxh8 b6 25. Bb2 Ba6 26. Ke2 Ke8
27. Ke3 Rd8 28. Rc3 Bf6 29. Nb4 Bxc3 30. Bxc3 Bb7 31. f3 Ke7 32. d4 Rg8 33. g4
Rh8 34. d5 Rh3 35. Ke4 Rh2 0-1

[Event "XIII Abierto de la Constitucion"]
[Site "San Sebastian De Los Reyes"]
[Date "2011.12.10"]
[Round "9.36"]
[White "Sanchez Tapia, Luis Gabriel"]
[Black "Hernandez Ramos, Alberto"]
[Result "1-0"]
[WhiteElo "1605"]
[BlackElo "1430"]
[PlyCount "27"]
[EventDate "2011.12.02"]

1. e4 e6 2. Bc4 Nf6 3. e5 Ne4 4. Qg4 Nc5 5. d4 Na4 6. Ne2 Nb6 7. Bd3 d5 8. O-O
c5 9. dxc5 Bxc5 10. Qxg7 Rf8 11. Bxh7 Nc6 12. Nf4 Nd7 13. Nxe6 fxe6 14. Bg6+
1-0

[Event "XIII Abierto de la Constitucion"]
[Site "San Sebastian De Los Reyes"]
[Date "2011.12.10"]
[Round "9.37"]
[White "Ojosnegros Martin, Angel"]
[Black "Cerrato Sampablo, Antonio"]
[Result "1-0"]
[WhiteElo "1475"]
[BlackElo "1581"]
[PlyCount "68"]
[EventDate "2011.12.02"]

1. e4 e6 2. d4 d5 3. exd5 exd5 4. Bd3 Nf6 5. Nf3 Bg4 6. O-O Be7 7. c4 O-O 8.
Nc3 c6 9. cxd5 cxd5 10. Be2 Nc6 11. Be3 Rc8 12. Ne5 Bxe2 13. Nxc6 Rxc6 14. Qxe2
Qc7 15. Rac1 Qd7 16. h3 a6 17. a3 Rfc8 18. Rfe1 Bxa3 19. bxa3 Rxc3 20. Rxc3
Rxc3 21. Qb2 Qc6 22. f3 h6 23. Bf2 Nh7 24. Bg3 Nf6 25. Kh2 Nh5 26. Bb8 Rc2 27.
Qb1 b5 28. Re7 Qc3 29. Rc7 Qb2 30. Qxc2 Qxc2 31. Rxc2 Nf6 32. Be5 Nd7 33. Rc6
f6 34. Bf4 g5 1-0